| 000 | 01341cam a22003734i 4500 | ||
|---|---|---|---|
| 003 | PE-LiUPU | ||
| 005 | 20250731183357.0 | ||
| 008 | 150617s r 000 0 d | ||
| 035 | _a(Sirsi) a20018 | ||
| 040 |
_aPE-LiUPU _bspa _cPE-LiUPU _erda |
||
| 049 | _aPRUA | ||
| 082 | 0 | 4 |
_a740.02 _bC 8 _221 |
| 100 | 1 |
_aBamz, J., _eautor. |
|
| 245 | 1 | 0 |
_aMovimiento y ritmo en pintura / _c[por] J. Bamz [Seud.]. |
| 264 | 1 |
_aBarcelona : _bLas Ediciones de Arte, _c1970. |
|
| 300 |
_a47 páginas ; _c23 cm |
||
| 336 |
_atext _2rdacontent |
||
| 337 |
_aunmediated _2rdamedia |
||
| 338 |
_avolume _2rdacarrier |
||
| 505 | 0 | _aEl ritmo y sus fundamentos -- Génesis del movimiento -- Análisis -- La resolución rítmica. | |
| 526 | _aP158 | ||
| 526 | _aP146 | ||
| 526 | _aP17 | ||
| 526 | _aP12 | ||
| 526 | _aP06 | ||
| 650 | 0 | 4 |
_aPintura _xComposición. |
| 910 |
_ajck _bjvq _cjck _d20150616 |
||
| 942 |
_2ddc _cBOOK |
||
| 949 |
_a740.02 C 8 _wDEWEY _c1 _i15232 _lCCODEBUL1 _mBUL _p00.00 _r0 _sY _tBOOK _u19770627 _xBIBLIOTECA _zUNKNOWN _0COMPRA _o.STAFF. Colección General |
||
| 994 |
_aC0 _bPEPRU |
||
| 596 | _a1 | ||
| 999 |
_a740.02 C 8 _wDEWEY _c19888 _i15232 _d19888 _e2016-9-25 _f2021-11-5 _g7 _lCCODEBUL1 _mBUL _n2 _r0 _sY _tBOOK _u2015-6-17 _xBIBLIOTECA _zUNKNOWN _0COMPRA _o.STAFF. Colección General |
||
| 980 |
_81 _gALBERTO SANCHEZ Responsable de Automatización |
||